[Event "South FR-ch U18 Girls"]
[Site "Loo"]
[Date "2011.11.10"]
[Round "9"]
[White "Chernykh, Yana"]
[Black "Filchina, Ellina"]
[Result "0-1"]
[WhiteElo "1743"]
[BlackElo "1893"]
[PlyCount "50"]
[EventDate "2011.11.02"]
[EventType "tourn"]
[EventRounds "9"]
[EventCountry "RUS"]
[SourceTitle "EXT 2023"]
[Source "ChessBase"]
[SourceDate "2022.10.05"]
[SourceVersion "1"]
[SourceVersionDate "2022.10.05"]
[SourceQuality "1"]

1. e4 c6 2. d4 d5 3. Nc3 dxe4 4. Nxe4 Bf5 5. Ng3 Bg6 6. h4 h6 7. Nf3 e6 8. h5 Bh7 9. Bd3 Bxd3 10. Qxd3 Qc7 11. Bd2 Nd7 12. 0-0-0 0-0-0 13. Kb1 Ngf6 14. c4 c5 15. Bc3 Kb8 16. d5 exd5 17. cxd5 Nb6 18. Bxf6 gxf6 19. Qf5 Rg8 20. Qxf6 Bg7 21. d6 Qd7 22. Qf4 Qb5 23. Ne5 c4 24. Rhe1 Rge8 25. Nxc4 Nxc4 0-1

[Event "Dvorkovich Memorial op 6th"]
[Site "Taganrog"]
[Date "2011.08.04"]
[Round "4"]
[White "Filchina, Ellina"]
[Black "Kuzovlev, Mikhail"]
[Result "0-1"]
[WhiteElo "1899"]
[BlackElo "2132"]
[PlyCount "96"]
[EventDate "2011.08.01"]
[EventType "swiss"]
[EventRounds "9"]
[EventCountry "RUS"]
[SourceTitle "CBM 144 Extra"]
[Source "ChessBase"]
[SourceDate "2011.10.28"]
[SourceVersion "1"]
[SourceVersionDate "2011.10.28"]
[SourceQuality "1"]

1. d4 Nf6 2. Nf3 g6 3. Bf4 Bg7 4. e3 b6 5. Nbd2 Bb7 6. c3 0-0 7. Bc4 d5 8. Bd3 c5 9. 0-0 Nbd7 10. Re1 Re8 11. Rc1 Rc8 12. h3 e6 13. Bh2 Ne4 14. Ne5 f6 15. Nxd7 Qxd7 16. Bxe4 dxe4 17. Nc4 cxd4 18. Nd6 d3 19. Nxe8 Rxe8 20. Qd2 f5 21. Red1 Qb5 22. Bd6 Qd5 23. Bb4 b5 24. Ra1 Ra8 25. Ba5 Qc6 26. Rdc1 Qa6 27. Bb4 Rc8 28. b3 Qb6 29. Rab1 a5 30. Ba3 e5 31. Bb2 Bh6 32. Rf1 f4 33. Rbe1 Qd8 34. Bc1 f3 35. g3 Rc6 36. Kh2 Bc8 37. Rh1 Qd7 38. Kg1 Bf8 39. Bb2 Qc7 40. Rc1 a4 41. c4 axb3 42. axb3 bxc4 43. bxc4 Rxc4 44. Rxc4 Qxc4 45. Bxe5 Bb4 46. Qd1 d2 47. Kh2 Qe6 48. Kg1 Qxe5 0-1

[Event "Dvorkovich Memorial op 6th"]
[Site "Taganrog"]
[Date "2011.08.03"]
[Round "3"]
[White "Frolov, Andrei"]
[Black "Filchina, Ellina"]
[Result "1-0"]
[WhiteElo "2181"]
[BlackElo "1899"]
[PlyCount "37"]
[EventDate "2011.08.01"]
[EventType "swiss"]
[EventRounds "9"]
[EventCountry "RUS"]
[SourceTitle "CBM 144 Extra"]
[Source "ChessBase"]
[SourceDate "2011.10.28"]
[SourceVersion "1"]
[SourceVersionDate "2011.10.28"]
[SourceQuality "1"]

1. e4 c6 2. c4 d5 3. exd5 cxd5 4. cxd5 Qxd5 5. Nc3 Qd8 6. d4 Nf6 7. Nf3 e6 8. Bd3 Be7 9. 0-0 0-0 10. Bg5 Nc6 11. Rc1 b6 12. Bb1 Bb7 13. Qd2 h6 14. Bxh6 gxh6 15. Qxh6 Bd6 16. Ne4 Nxe4 17. Bxe4 Re8 18. Bh7+ Kh8 19. Bg6+ 1-0

[Event "Dvorkovich Memorial op 5th"]
[Site "Taganrog"]
[Date "2010.08.06"]
[Round "5"]
[White "Gozdeev, V."]
[Black "Filchina, Ellina"]
[Result "1/2-1/2"]
[WhiteElo "2188"]
[BlackElo "1863"]
[PlyCount "71"]
[EventDate "2010.08.02"]
[EventType "swiss"]
[EventRounds "9"]
[EventCountry "RUS"]
[SourceTitle "EXT 2013"]
[Source "ChessBase"]
[SourceDate "2012.11.22"]
[SourceVersion "1"]
[SourceVersionDate "2012.11.22"]
[SourceQuality "1"]

1. e4 e6 2. d4 d5 3. Nc3 dxe4 4. Nxe4 Nd7 5. Nf3 Ngf6 6. Ng3 Be7 7. Bd3 h6 8. c3 b6 9. 0-0 0-0 10. Qe2 Bb7 11. Rd1 c6 12. Ne5 Qc7 13. Bf4 Nd5 14. Bd2 c5 15. Rac1 Bd6 16. Re1 N7f6 17. Nh5 Qe7 18. a3 Rac8 19. c4 Nxh5 20. Qxh5 Nf6 21. Qh3 h5 22. d5 Qc7 23. f4 exd5 24. g4 dxc4 25. Bb1 Rcd8 26. Bc3 Bxe5 27. fxe5 Nxg4 28. Qxh5 Nh6 29. Re3 Rd3 30. Bxd3 cxd3 31. Rce1 Qc6 32. Rg3 Nf5 33. Rg5 Nh4 34. Qxh4 Qh1+ 35. Kf2 Qf3+ 36. Kg1 1/2-1/2

[Event "Dvorkovich Memorial op 4th"]
[Site "Taganrog"]
[Date "2009.08.07"]
[Round "6"]
[White "Filchina, Ellina"]
[Black "Pligin, Genadiy M"]
[Result "1-0"]
[WhiteElo "1827"]
[BlackElo "1914"]
[PlyCount "75"]
[EventDate "2009.08.02"]
[EventType "swiss"]
[EventRounds "9"]
[EventCountry "RUS"]
[SourceTitle "EXT 2022"]
[Source "ChessBase"]
[SourceDate "2021.10.06"]
[SourceVersion "1"]
[SourceVersionDate "2021.10.06"]
[SourceQuality "1"]

1. c4 Nf6 2. Nc3 g6 3. g3 Bg7 4. Bg2 c6 5. d4 d6 6. e3 0-0 7. Nge2 Na6 8. 0-0 Nc7 9. Nf4 Bg4 10. Qc2 Nh5 11. Nxh5 Bxh5 12. b3 Bg4 13. Bb2 Qc8 14. Rfe1 Bh3 15. Bh1 Qd7 16. Rad1 Rad8 17. e4 Qc8 18. d5 c5 19. Ne2 Bxb2 20. Qxb2 Bg4 21. e5 f6 22. f3 Bf5 23. e6 g5 24. g4 Bg6 25. Qd2 b5 26. f4 bxc4 27. bxc4 Qa6 28. Rc1 f5 29. gxf5 Bh5 30. Ng3 Bg4 31. fxg5 Rb8 32. g6 Ne8 33. Qh6 Nf6 34. Ne4 hxg6 35. fxg6 Bxe6 36. dxe6 Rb7 37. g7 Nh7 38. Ng5 1-0

[Event "Dvorkovich Memorial op 4th"]
[Site "Taganrog"]
[Date "2009.08.02"]
[Round "1"]
[White "Radchenko, Sergei1111"]
[Black "Filchina, Ellina"]
[Result "1-0"]
[WhiteElo "2247"]
[BlackElo "1827"]
[PlyCount "111"]
[EventDate "2009.08.02"]
[EventType "swiss"]
[EventRounds "9"]
[EventCountry "RUS"]
[SourceTitle "EXT 2022"]
[Source "ChessBase"]
[SourceDate "2021.10.06"]
[SourceVersion "1"]
[SourceVersionDate "2021.10.06"]
[SourceQuality "1"]

1. e4 e6 2. d4 d5 3. Nc3 dxe4 4. Nxe4 Nd7 5. Nf3 Ngf6 6. Nxf6+ Nxf6 7. Bd3 Be7 8. 0-0 0-0 9. b3 b6 10. Bb2 Bb7 11. Qe2 c5 12. dxc5 bxc5 13. Ne5 Qc7 14. Rad1 Bd6 15. Rfe1 Rad8 16. Qe3 Rfe8 17. Qh3 h6 18. Nc4 Be7 19. Be5 Qc8 20. Re3 Ne4 21. Qg4 f6 22. Bxe4 Bxe4 23. Rxe4 fxe5 24. Nxe5 Bf6 25. Rxd8 Rxd8 26. Nd3 Rd6 27. g3 Bd4 28. Nf4 Kf7 29. Qe2 Qc6 30. Nd3 Kg8 31. Ne5 Qc7 32. Nc4 Rd5 33. Rxe6 Rf5 34. Ne3 Rf8 35. c3 Qf7 36. Re4 Bxc3 37. Rf4 Qe6 38. Rxf8+ Kxf8 39. Qf3+ Bf6 40. Qa8+ Qe8 41. Qxa7 Bd4 42. Qb7 Kg8 43. Qf3 Qd8 44. Qd5+ Qxd5 45. Nxd5 Kf7 46. Ne3 Bc3 47. Kf1 Ke6 48. Ke2 Ke5 49. Kd3 Bb4 50. f4+ Ke6 51. Ke4 Bd2 52. a3 g6 53. Nc4 Be1 54. g4 Bc3 55. a4 Bb4 56. a5 1-0